Préfectures de France : Bar-le-Duc - Statistiques

Statistiques générales
  • Ce quiz a été pris 39 fois
  • Le résultat moyen est 8 sur 23
Statistiques - réponses
Question Réponse % Correct
Quel numéro porte celui-ci ? 55
97%
De quel département est-ce la préfecture ? Meuse
97%
Comment se nomment ses habitants ? Barrois | Barisiens
83%
A quelle région administrative appartient la ville depuis 2015 ? Grand Est
77%
La ville appartient au diocèse de/d' Verdun
70%
Quelles sont les sous-préfectures qui en dépendent ? Verdun
70%
La ville appartient à l'académie de/d' Nancy-Metz
63%
Quelles sont les sous-préfectures qui en dépendent ? Commercy
43%
La ville est traversée par un cours d'eau, la/le/l' Ornain
43%
Le journal local est L'Est Républicain
40%
La ville a une spécialité de confiture de groseilles
33%
L'inventeur du vélocipède à pédales est né à Bar-le-Duc. Son nom ? Pierre {Michaux}
17%
Les communes limitrophes dont le nom contient un R sont Naives-Rosières
13%
Les communes limitrophes dont le nom contient un R sont Resson
13%
Les communes limitrophes dont le nom contient un R sont Combles-en-Barrois
10%
Les communes limitrophes dont le nom contient un R sont Savonnières-devant-Bar
10%
Maréchal de France né en 1767 né à Bar-le-Duc Nicolas {Oudinot}
7%
Quel fleur figure sur le blason ? Pensée
7%
Maréchal de France né en 1775 né à Bar-le-Duc Rémy {Exelmans}
7%
Son kilomètre zéro est dans la ville Voie sacrée
7%
Une comtesse a laissé un bon souvenir dans la ville, quel est son prénom ? Sophie
3%
Quel est le plus ancien nom connu de la commune ? Caturices
0%
La période la plus brillante de la ville est celle du duc... René II
0%
Aucun quiz correspondant
Distribution des résultats
% des personnes avec chaque résultat
Percentile par nombre de réponses
Votre historique - résultats
Vous n’avez pas pris ce quiz